000 00504nam a22002057a 4500
005 20260602131453.0
008 260602b |||||||| |||| 00| 0 eng d
020 _a9789387151758
_c650.00
040 _aMAIN
041 _aEnglish
082 _a531
_bGUP
100 _aGupta, S.L.
_91608
245 _aClassical Mechanics
260 _aMeerut
_bPragati
_c2025
300 _a516
650 _aPhysics (PM USHA)
_926699
700 _aKumar, V.
_97205
700 _aSharma, H.V.
_917950
942 _cBK
999 _c60958
_d60958